000 00768nam a2200217 4500
005 20210810143337.0
008 210810s1974 pe |||fr||||f00| 0 spa d
040 _aCENDOC CAAAP
_bspa
_cCAAAP
041 _aspa
050 _aHA 1068.L6
_b.P45 1972
110 1 _93898
_aOficina Nacional de Estadística y Censos
245 2 _aCensos nacionales VII de población, II de vivienda :
_bdepartamento de Loreto /
_cOficina Nacional de Estadística y Censos
250 _a1ra ed.
260 _aLima :
_bONEC,
_c1974
300 _a2 tomos ;
_c30 cm.
505 _aContiene : Resultados definitivos --Censos de Población --Censos de vivienda-- Anexos.
650 1 0 _91407
_aCensos
650 0 _93296
_aPoblación
650 0 _93768
_aVivienda
942 _2lcc
_b10 - 08 - 21
_cBK
999 _c2160
_d2160